Govt. of
Madhya Pradesh

The Art of PUBLIC SPEAKING (Record no. 67695)

MARC details
000 -LEADER
fixed length control field 00261nam a22001097a 4500
082 ## - DEWEY DECIMAL CLASSIFICATION NUMBER
Classification number 380/CAR
100 ## - MAIN ENTRY--AUTHOR NAME
Personal name Dale,Carnegie
245 ## - TITLE STATEMENT
Title The Art of PUBLIC SPEAKING
260 ## - PUBLICATION, DISTRIBUTION, ETC. (IMPRINT)
Place of publication Mumbai
Name of publisher JaicoPublishing House
Year of publication 2022
650 ## - SUBJECT ADDED ENTRY--TOPICAL TERM
Topical Term COMMUNICATION
942 ## - ADDED ENTRY ELEMENTS (KOHA)
Koha item type Books
Holdings
Withdrawn status Lost status Damaged status Not for loan Home library Current library Date acquired Cost, normal purchase price Full call number Accession Number Price effective from Koha item type
        MACL MACL 24/10/2024 250.00 380/CAR DPI003047 24/10/2024 Books